Skały - Statystyki

Ogólne statystyki
  • Ten quiz został rozwiązany 80 razy
  • Średni wynik to 9 z 17
Statystyki odpowiedzi
Obrazkowy Odpowiedź % Poprawnych
piasek
85%
żwir
77%
granit
75%
piaskowiec
71%
bazalt
67%
zlepieniec / konglomerat
65%
marmur
62%
gnejs
60%
sól kamienna / halityt
60%
wapień
54%
porfir
46%
węgiel kamienny
46%
gabro
40%
gips
33%
węgiel brunatny
15%
eklogit
10%
hornfels
4%
Nie znaleziono quizów pasujących do podanych kryteriów
Rozkład punktacji
Procent ludzi z każdym wynikiem
Percentyl według liczby udzielonych odpowiedzi
Twoja historia wyników
Nie rozwiązałeś tego quizu